00272nam a22001097a 4500020001800000082001700018100001600035245005600051250000900107260003800116300000800154 a9789694073873 a621.3822 HAS aS K Hasnain aDigital signal processing: theory & worked examples a3rd  aKarachibRoyal Book Companyc2001 a497